| 000 | 00437cam a2200169ua 4500 | ||
|---|---|---|---|
| 020 | _c0.50 | ||
| 041 |
_aeng _h |
||
| 082 |
_a320 _bRAJ/CO |
||
| 100 | _aRajendra, Prasad . | ||
| 245 |
_aConstructive programme: Some suggestions / _cRajendra Prasad. _hTextual Documents |
||
| 260 |
_aAhmadabad : _bNavajivan publishing house , _c1958. |
||
| 300 | _a32 ; . | ||
| 365 | _a0.50 | ||
| 504 | _a | ||
| 942 | _cBK | ||
| 999 |
_c4784 _d4784 |
||